| 000 | 00000nam##2200000za#4500 |
| 001 | 9.588019 |
| 003 | CaOODSP |
| 005 | 20210624194922 |
| 007 | cr ||||||||||| |
| 008 | 150406|2007||||xxc|||||o f|0| 0 eng|d |
| 022 | |a1701-1280 |
| 040 | |aCaOODSP|beng |
| 041 | |aeng |
| 041 | |afre |
| 043 | |an-cn--- |
| 086 | 1 |aFs70-4/2006-036-PDF |
| 110 | 1 |aCanada. |bDepartment of Fisheries and Oceans. |
| 245 | 10|aProceedings of the expert panel meeting on the potential risks associated with horizontal gene transfer from novel aquatic organisms : |h[electronic resource]|bJanuary 11, 2006, West Vancouver, British Columbia / |cJake Rice and Morven McLean, co-chairs ; Janet Beardall and Muffy Koch, editors. |
| 246 | 1 |iAdditional title (within publication) : |aReview of potential risks associated with horizontal gene transfer from novel aquatic organisms |
| 260 | |aOttawa - Ontario : |bFisheries and Oceans Canada |cFebruary 2007. |
| 300 | |a58p. |
| 490 | 1 |aCanadian Science Advisory Secretariat proceedings series|x1701-1280|v2006/036 |
| 500 | |aIncludes the discussion document addressed by the panel. |
| 546 | |aBilingual. Discussion document in English only. |
| 590 | |a11-31-Supp|b2011-12-13 |
| 720 | 1 |aRice, Jake |
| 720 | 1 |aMcLean, Morven |
| 720 | 1 |aBeardall, Janet |
| 720 | 1 |aKoch, Muffy |
| 792 | |tCompte rendu de la réunion des experts sur les risques potentiels liés à la transmission horizontale de gènes de nouveaux organismes aquatiques : |efre|w(CaOODSP)9.588020 |
| 830 | #0|aProceedings series (Canadian Science Advisory Secretariat)|x1701-1280|v2006/036|w(CaOODSP)9.500507 |
| 856 | 40|ahttp://publications.gc.ca|qPDF|s637 KB|uhttps://publications.gc.ca/collections/collection_2011/mpo-dfo/Fs70-4-2006-036.pdf|y2006/036 |